Star Wars Character Lightsaber Colors - Statistics

General Stats
  • This quiz has been taken 4,055 times
    4,008 since last reset
  • The average score is 24 of 25
Answer Stats
Character Lightsaber Color(s) % Correct
Obi Wan Kenobi Blue
100%
Luke Skywalker Blue | Green
100%
Anakin Skywalker Green | Blue | Red
100%
Qui Gon Jinn Green
99%
Yoda Green
99%
Mace Windu Purple
99%
Ki Adi Mundi Blue
98%
Kit Fisto Green
98%
Plo Koon Blue
97%
Ben Solo Blue | Red
97%
Rey Skywalker Blue | Yellow
97%
Ashoka Tano Green | Blue | White
97%
Aayla Secura Blue
96%
Shaak Ti Blue
96%
Leia Organa Blue
96%
Luminara Unduli Green
96%
Barriss Offee Blue
95%
Kanan Jarrus Blue
95%
Ezra Bridger Blue | Green
95%
Even Piell Green
95%
Dooku Blue | Red
92%
Maul Red
92%
Sheev Palpatine Red
91%
The Grand Inquisitor Yellow | Red
91%
Tarre Viszla Black
78%
No matching quizzes found
Score Distribution
Percent of People with Each Score
Percentile by Number Answered
Your Score History
You have not taken this quiz since the last reset